000 00741nam a22002057a 4500
999 _c13920
_d13920
003 AR-CdUCM
008 190417b ||||| |||| 00| 0 spa d
040 _aMUNICIPALIDAD PROVINCIAL DEL CUSCO
_cBIBLIOTECA MUNICIPAL DEL CUSCO
082 _aC / 759.85 /
_bP65
110 _aCorporación de reconstrucción y fomento del Cusco
_932537
245 _aEl pintor de la colonia :
_bDon Antonio Sinchi Rocca Inca /
260 _aCuzco :
_c1965.
300 _a55 paginas ;
_bIlustraciones,
_c22 cm.
505 _aContenido :Don Antonio Sinchi Rocca Inca /
650 _aPintura
_93081
650 _aColonia
_91685
710 _aDepartamos de reconstrucción y monumentos históricos
_932538
942 _2ddc
_cFOLLETOS
945 _arjall
_d2019-04-17